000 00537nam a2200217Ia 4500
003 OSt
005 20221005130846.0
006 a|||||r|||| 00| 0
007 ta
008 221004b |||||||| |||| 00| 0 eng d
024 _a118463
037 _cTextual
040 _aCRL
_cCRL
_beng
041 _2eng
_aeng
100 _aDrivedi Hazari Prasad
_9638769
245 0 _aSanshipt Prithvi Raj raso
260 _c1952
650 _aHINDI LITERATURE
_923866
942 _cTEXL
_2cc
999 _c1058624
_d1058624